000 00251nam a2200121Ia 4500
100 _aParamahansa Yogananda
942 _cBK
245 _aman's Eternal Quest
260 _bAbhijit prakashan
_c1982
300 _a492
546 _aENGLISH
999 _c25473
_d25473